| 000 | 01407cam a2200253 4500 | ||
|---|---|---|---|
| 001 | ##L134091 | ||
| 002 | ##5494 | ||
| 008 | 060710n2005 000 0 eng u | ||
| 020 |
_a140580114X _a9781405801140 |
||
| 035 | _a(Sirsi) u134091 | ||
| 041 | 0 | _aeng | |
| 050 | 0 | 4 | _a346.41043 $2 18 |
| 100 | 1 | _aSmith, Roger J. | |
| 245 | 0 | 0 | _aProperty Law |
| 250 | _a5th ed. | ||
| 260 |
_aHarlow _bPearson Longman _c2005 |
||
| 300 |
_alxx, 620p. _c24cm. |
||
| 350 | _a34.99 | ||
| 505 | 2 | _aIntroduction -- General principles: property interests and their creation and transfer -- Rights to enjoy land: freehold and leasehold estates -- Other interests in land. | |
| 520 | _aIntended primarily for students, this book discusses property concepts in relation to land law. Topics covered include trusts and equitable interests; property interests; the 1925 legislation and growth of land registration; original acquisition, and transfer and creation, of property interests; formalities, trusts and the family home; estoppel; registration of title; joint tenancy and tenancy in common; trusts of land; successive interests; leases; licences; easements and profits; covenants; mortgages. Contains a full discussion of key cases, and explains how they impact on fundamental principles of property law. | ||
| 651 | 4 |
_aEngland and Wales _y1543- |
|
| 690 | _aPROPERTY-PROPERTY ACQUISITION AND DISPOSAL | ||
| 942 | _n0 | ||
| 999 |
_c105537 _d105537 |
||